[Event "Zlota Wieze 50"]
[Site "Pultusk"]
[Date "2008.07.03"]
[Round "6.2"]
[White "Rudnicki, Milosz"]
[Black "Waluszek, Stanislaw"]
[Result "1-0"]
[WhiteElo "2188"]
[BlackElo "2013"]
[PlyCount "33"]
[EventDate "2008.06.30"]
[EventType "team"]
[EventRounds "9"]
[EventCountry "POL"]
[SourceTitle "EXT 2020"]
[Source "ChessBase"]
[SourceDate "2019.10.17"]
[SourceVersion "1"]
[SourceVersionDate "2019.10.17"]
[SourceQuality "1"]

1. e4 e5 2. Nf3 d6 3. d4 Nd7 4. Nc3 exd4 5. Nxd4 g6 6. Be3 Bg7 7. Qd2 Ngf6 8. f3 0-0 9. 0-0-0 a6 10. h4 b5 11. h5 c5 12. Nc6 Qc7 13. Ne7+ Kh8 14. hxg6 b4 15. Ncd5 Qa5 16. Kb1 Bb7 17. gxf7 1-0

[Event "Zlota Wieze 50"]
[Site "Pultusk"]
[Date "2008.06.30"]
[Round "1.22"]
[White "Delega, Tomasz"]
[Black "Waluszek, Stanislaw"]
[Result "1-0"]
[WhiteElo "2040"]
[BlackElo "2013"]
[PlyCount "67"]
[EventDate "2008.06.30"]
[EventType "team"]
[EventRounds "9"]
[EventCountry "POL"]
[SourceTitle "EXT 2020"]
[Source "ChessBase"]
[SourceDate "2019.10.17"]
[SourceVersion "1"]
[SourceVersionDate "2019.10.17"]
[SourceQuality "1"]

1. d4 Nf6 2. Nf3 g6 3. g3 Bg7 4. Bg2 d6 5. b3 0-0 6. Bb2 c6 7. Nbd2 Nbd7 8. 0-0 Qc7 9. Nc4 Nb6 10. Nxb6 Qxb6 11. c4 Ne4 12. Nd2 Ng5 13. h4 Ne6 14. Nf3 Qc7 15. Qd2 Nd8 16. d5 f6 17. Rfc1 Nf7 18. b4 e5 19. dxc6 bxc6 20. b5 Bb7 21. Qb4 c5 22. Qb3 e4 23. Nd2 Rfe8 24. Nf1 Ne5 25. Ne3 Bh6 26. a4 f5 27. Bxe5 dxe5 28. Rd1 Bxe3 29. Qxe3 f4 30. Qc3 f3 31. exf3 exf3 32. Bxf3 e4 33. Bg4 g5 34. Rd7 1-0